| 000 | 00801nam a2200229 4500 | ||
|---|---|---|---|
| 001 | 85138 | ||
| 003 | BD-RjUL | ||
| 005 | 20250708114452.0 | ||
| 008 | 250708s1959 pk ||||| |||| 00| 0 urd d | ||
| 035 | _a(BD-RjUL) 85138 | ||
| 040 |
_aBD-RjUL _beng _cBD-RjUL |
||
| 041 | _aeng | ||
| 082 |
_223 _a297.4095491 _bQUS 1959 |
||
| 100 | 1 | 0 |
_aقدوسی، اعجاز الحق ;; Qudsoosi, Ijazul Haq _915916 |
| 245 | 1 | 0 |
_aتذکرہ صوفیائے سندھ ;; tazkarah sufiyaye sandh / _cاعجاز الحق قدوسی ;; Ijazul Haq Qudsoosi |
| 260 |
_a: کراچی _b,اردو اکیڈمی سندھ کراچی _c1959 |
||
| 300 |
_a335 p. ; _c22 cm |
||
| 650 |
_aSufism, Saints of Sindh, _915917 |
||
| 650 |
_a Islamic Mysticism, _915918 |
||
| 650 |
_aBiographies of Sufi Saints _915919 |
||
| 942 |
_2ddc _cBK |
||
| 999 |
_c85138 _d85138 |
||